| 000 | 00866cac a22003015a 4500 | ||
|---|---|---|---|
| 999 |
_c171 _d171 |
||
| 003 | EG-ScBUE | ||
| 005 | 20200108123832.0 | ||
| 008 | 190724t2005 enk f f 001 0 eng d | ||
| 020 | _a1861979169 | ||
| 020 | _a9781861979162 | ||
| 040 |
_aEG-ScBUE _beng _erda _cEG-ScBUE _dEG-ScBUE |
||
| 082 | 0 | 4 |
_a808.027 _bSTY _222 |
| 245 | 1 | 0 | _aStyle guide. |
| 264 | 1 |
_aLondon : _bProfile Books, _c[2005] |
|
| 264 | 4 | _cc 2005 | |
| 300 |
_avi, 250 pages ; _c24 cm |
||
| 336 |
_2rdacontent _atext _btxt |
||
| 337 |
_2rdamedia _aunmediated _bn |
||
| 338 |
_2rdacarrier _avolume _bnc |
||
| 490 | 0 | _aThe economist | |
| 500 | _ainclude index. | ||
| 590 | _arana gobara | ||
| 650 | 7 |
_aEconomics _xAuthorship _vStyle manuals. _2BUEsh |
|
| 650 | 7 |
_aEnglish language _xStyle. _2BUEsh _939128 |
|
| 653 |
_bHHUUEENN _cJuly2019 |
||
| 655 | _vReading book | ||
| 942 |
_cREFERENCE _k808.027 _2ddc |
||